[Event "BL2-West 1819"]
[Site "Germany"]
[Date "2019.03.24"]
[Round "8.8"]
[White "Berndt, Joachim"]
[Black "Busch, Raimund"]
[Result "1/2-1/2"]
[WhiteElo "2111"]
[BlackElo "2198"]
[PlyCount "31"]
[EventDate "2018.11.21"]
[EventType "team-tourn"]
[EventRounds "9"]
[EventCountry "GER"]
[SourceTitle "CBM 190 Extra"]
[Source "ChessBase"]
[SourceDate "2019.07.15"]
[SourceVersion "1"]
[SourceVersionDate "2019.07.15"]
[SourceQuality "1"]
[WhiteTeam "Dortmund Hansa"]
[BlackTeam "Remagen Sinzig"]
[WhiteTeamCountry "GER"]
[BlackTeamCountry "GER"]

1. c4 e6 2. Nf3 d5 3. g3 dxc4 4. Bg2 Nc6 5. Na3 e5 6. Nxc4 e4 7. Nfe5 Nxe5 8. Nxe5 Qd4 9. f4 f6 10. e3 Qb4 11. Qh5+ Ke7 12. Qf7+ Kd8 13. Qd5+ Ke7 14. Qf7+ Kd8 15. Qd5+ Ke7 16. Qf7+ 1/2-1/2

[Event "BL2-West 1819"]
[Site "Germany"]
[Date "2018.10.21"]
[Round "1.8"]
[White "Bohn, Thomas"]
[Black "Busch, Raimund"]
[Result "1-0"]
[WhiteElo "2328"]
[BlackElo "2250"]
[PlyCount "78"]
[EventDate "2018.11.21"]
[EventType "team-tourn"]
[EventRounds "9"]
[EventCountry "GER"]
[SourceTitle "CBM 190 Extra"]
[Source "ChessBase"]
[SourceDate "2019.07.15"]
[SourceVersion "1"]
[SourceVersionDate "2019.07.15"]
[SourceQuality "1"]
[WhiteTeam "Koblenz"]
[BlackTeam "Remagen Sinzig"]
[WhiteTeamCountry "GER"]
[BlackTeamCountry "GER"]

1. f4 g6 2. Nf3 Bg7 3. e4 d6 4. Nc3 e5 5. fxe5 dxe5 6. Bc4 Ne7 7. 0-0 0-0 8. d3 h6 9. Qe1 Kh7 10. Qh4 f6 11. Ng5+ fxg5 12. Bxg5 Qd4+ 13. Kh1 Nf5 14. exf5 Bxf5 15. Nd5 Qxh4 16. Bxh4 Na6 17. Be7 Rfc8 18. Rae1 c6 19. Nf6+ Bxf6 20. Bxf6 b5 21. Bb3 Nc5 22. Rxe5 Nxb3 23. Re7+ Kg8 24. axb3 h5 25. h3 h4 26. Rg7+ Kf8 27. Rh7 Kg8 28. Rxh4 Kf7 29. Bc3 Ke7 30. Rh6 Rg8 31. g4 Be6 32. Bb4+ Kd7 33. Rh7+ Kc8 34. Ba5 Re8 35. Kh2 Bd5 36. Rf6 g5 37. c4 bxc4 38. bxc4 Re2+ 39. Kg1 Re1+ 1-0

[Event "Oberliga Sued W 1718"]
[Site "Germany"]
[Date "2018.02.25"]
[Round "9.8"]
[White "Krumm, Johannes"]
[Black "Busch, Raimund"]
[Result "1/2-1/2"]
[WhiteElo "2073"]
[BlackElo "2262"]
[PlyCount "73"]
[EventDate "2017.09.10"]
[EventType "team-tourn"]
[EventRounds "11"]
[EventCountry "GER"]
[SourceTitle "EXT 2019"]
[Source "ChessBase"]
[SourceDate "2018.10.10"]
[SourceVersion "1"]
[SourceVersionDate "2018.10.10"]
[SourceQuality "1"]
[WhiteTeam "Altenkirchen"]
[BlackTeam "Remagen"]
[WhiteTeamCountry "GER"]
[BlackTeamCountry "GER"]

1. b3 e5 2. Bb2 Nc6 3. e3 g6 4. d4 exd4 5. Nf3 Bg7 6. exd4 Nge7 7. a3 0-0 8. Bd3 Nd5 9. 0-0 Nf4 10. Re1 Nxd3 11. Qxd3 d6 12. c4 Bf5 13. Qf1 Qd7 14. Nbd2 Rae8 15. Rac1 Rxe1 16. Rxe1 Re8 17. Ba1 Rxe1 18. Qxe1 Qe7 19. Qe3 Kf8 20. b4 a6 21. h3 b5 22. cxb5 axb5 23. Qc3 Be4 24. Nxe4 Qxe4 25. Kh2 Ke7 26. a4 bxa4 27. b5 Nb8 28. Qxc7+ Nd7 29. b6 Bh6 30. b7 Bf4+ 31. Kh1 d5 32. Qc3 Qb1+ 33. Ng1 Qxb7 34. Qa3+ Bd6 35. Qxa4 Qb1 36. Bc3 Qd3 37. Bb4 1/2-1/2

[Event "Oberliga Sued W 1718"]
[Site "Germany"]
[Date "2018.01.21"]
[Round "7.8"]
[White "Grewenig, Jan"]
[Black "Busch, Raimund"]
[Result "1-0"]
[WhiteElo "2089"]
[BlackElo "2262"]
[PlyCount "93"]
[EventDate "2017.09.10"]
[EventType "team-tourn"]
[EventRounds "11"]
[EventCountry "GER"]
[SourceTitle "EXT 2019"]
[Source "ChessBase"]
[SourceDate "2018.10.10"]
[SourceVersion "1"]
[SourceVersionDate "2018.10.10"]
[SourceQuality "1"]
[WhiteTeam "Schwarzenbach Caissa"]
[BlackTeam "Remagen"]
[WhiteTeamCountry "GER"]
[BlackTeamCountry "GER"]

1. e4 e6 2. d4 d5 3. Nc3 dxe4 4. Nxe4 Nd7 5. Nf3 Be7 6. Bd3 Ngf6 7. 0-0 Nxe4 8. Bxe4 c5 9. c3 cxd4 10. Nxd4 Nf6 11. Bf3 0-0 12. Qe2 a6 13. Bf4 Nd5 14. Bg3 Qa5 15. Nb3 Qd8 16. c4 Nf6 17. Rfd1 Qb6 18. c5 Qb5 19. Qe3 Rd8 20. Rxd8+ Bxd8 21. Rd1 Nd5 22. Bxd5 exd5 23. Be5 Be6 24. Qg3 f6 25. Nd4 Qd7 26. Nxe6 Qxe6 27. Bd6 Be7 28. Qb3 Re8 29. g3 Bxd6 30. cxd6 Qxd6 31. Rxd5 Qe6 32. Qxb7 Qe1+ 33. Kg2 Qe4+ 34. Kh3 Qe6+ 35. g4 Re7 36. Qb3 Kf7 37. Kg3 g6 38. Rd3 Qxb3 39. Rxb3 Re6 40. Rb7+ Kg8 41. a4 Re4 42. b3 Re6 43. a5 Rc6 44. b4 Rc4 45. f3 Rc3 46. b5 Ra3 47. bxa6 1-0

[Event "Oberliga Sued W 1718"]
[Site "Germany"]
[Date "2017.11.26"]
[Round "5.6"]
[White "Helbig, Daniel"]
[Black "Busch, Raimund"]
[Result "1/2-1/2"]
[WhiteElo "2159"]
[BlackElo "2262"]
[PlyCount "51"]
[EventDate "2017.09.10"]
[EventType "team-tourn"]
[EventRounds "11"]
[EventCountry "GER"]
[SourceTitle "EXT 2019"]
[Source "ChessBase"]
[SourceDate "2018.10.10"]
[SourceVersion "1"]
[SourceVersionDate "2018.10.10"]
[SourceQuality "1"]
[WhiteTeam "Worms"]
[BlackTeam "Remagen"]
[WhiteTeamCountry "GER"]
[BlackTeamCountry "GER"]

1. e4 e6 2. b3 d5 3. Bb2 dxe4 4. Nc3 Nf6 5. Qe2 Bb4 6. 0-0-0 Qe7 7. Kb1 Bd7 8. Nxe4 Nxe4 9. Qxe4 Bc6 10. Qg4 f5 11. Qh5+ Qf7 12. Qh3 Nd7 13. Ne2 e5 14. f4 0-0-0 15. fxe5 Rhe8 16. d4 Nxe5 17. Ng3 Ng4 18. Bc4 Bd5 19. Rdf1 Bxc4 20. bxc4 Ne3 21. Nxf5 Qd7 22. Nxe3 Qxh3 23. gxh3 Rxe3 24. Rhg1 g6 25. Rg3 Re2 26. a3 1/2-1/2

[Event "Oberliga Sued W 1314"]
[Site "Germany"]
[Date "2013.12.15"]
[Round "4.4"]
[White "Busch, Raimund"]
[Black "Vogel, Christian"]
[Result "0-1"]
[WhiteElo "2288"]
[BlackElo "2152"]
[PlyCount "70"]
[EventDate "2013.10.13"]
[EventType "team-tourn"]
[EventRounds "9"]
[EventCountry "GER"]
[SourceTitle "EXT 2015"]
[Source "ChessBase"]
[SourceDate "2014.11.20"]
[SourceVersion "1"]
[SourceVersionDate "2014.11.20"]
[SourceQuality "1"]
[WhiteTeam "Remagen"]
[BlackTeam "Saarbruecken"]
[WhiteTeamCountry "GER"]
[BlackTeamCountry "GER"]

1. Nf3 Nf6 2. c4 c5 3. Nc3 b6 4. e4 d6 5. d4 cxd4 6. Nxd4 Bb7 7. Bd3 e6 8. 0-0 a6 9. b3 Qc7 10. Bb2 Be7 11. Qe2 Nbd7 12. Rad1 0-0 13. Bb1 Rfe8 14. Rd3 Bf8 15. Rc1 Rad8 16. f3 Qc5 17. Qf2 Qh5 18. g4 Qc5 19. Nd5 Qc8 20. Nxf6+ gxf6 21. Ne2 Ne5 22. Rdd1 Bg7 23. Bd4 Qc6 24. h3 Kh8 25. f4 Nd7 26. Ng3 Rg8 27. Kh2 Nc5 28. Be3 a5 29. Qc2 Bh6 30. e5 f5 31. gxf5 Rxg3 32. Kxg3 Qf3+ 33. Kh4 Qxe3 34. Rg1 Qxf4+ 35. Kh5 Bf3+ 0-1

[Event "Oberliga Sued W 1314"]
[Site "Germany"]
[Date "2013.10.13"]
[Round "1.6"]
[White "Meskovs, Nikita"]
[Black "Busch, Raimund"]
[Result "1-0"]
[WhiteElo "2372"]
[BlackElo "2288"]
[PlyCount "63"]
[EventDate "2013.10.13"]
[EventType "team-tourn"]
[EventRounds "9"]
[EventCountry "GER"]
[SourceTitle "EXT 2015"]
[Source "ChessBase"]
[SourceDate "2014.11.20"]
[SourceVersion "1"]
[SourceVersionDate "2014.11.20"]
[SourceQuality "1"]
[WhiteTeam "Schwegenheim"]
[BlackTeam "Remagen"]
[WhiteTeamCountry "GER"]
[BlackTeamCountry "GER"]

1. d4 Nf6 2. c4 e6 3. Nc3 Bb4 4. e3 c5 5. Bd3 d5 6. Nf3 Qc7 7. cxd5 Nxd5 8. Bd2 Bxc3 9. bxc3 Nd7 10. 0-0 0-0 11. Rc1 e5 12. e4 Ne7 13. Bg5 f6 14. Be3 c4 15. Bb1 b5 16. Nh4 g5 17. Nf5 Nxf5 18. exf5 Bb7 19. Qg4 Kh8 20. h4 gxh4 21. Qxh4 Rg8 22. f3 Raf8 23. Rce1 Rf7 24. Kf2 Rfg7 25. Rg1 a6 26. g3 Qd6 27. g4 exd4 28. cxd4 Nb6 29. g5 fxg5 30. Rxg5 Rxg5 31. Bxg5 Nd5 32. f6 1-0

[Event "Oberliga Sued W 1213"]
[Site "Germany"]
[Date "2012.11.25"]
[Round "3.6"]
[White "Busch, Raimund"]
[Black "Wild, Achim"]
[Result "0-1"]
[WhiteElo "2121"]
[BlackElo "2090"]
[PlyCount "80"]
[EventDate "2012.10.21"]
[EventType "team-tourn"]
[EventRounds "9"]
[EventCountry "GER"]
[SourceTitle "EXT 2019"]
[Source "ChessBase"]
[SourceDate "2018.10.10"]
[SourceVersion "1"]
[SourceVersionDate "2018.10.10"]
[SourceQuality "1"]
[WhiteTeam "Remagen"]
[BlackTeam "Schwarzenbach Caissa"]
[WhiteTeamCountry "GER"]
[BlackTeamCountry "GER"]

1. Nf3 d5 2. c4 c6 3. b3 Nf6 4. Bb2 Bf5 5. cxd5 cxd5 6. e3 Nc6 7. Bb5 Rc8 8. Nd4 Bd7 9. Be2 e6 10. 0-0 Bd6 11. f4 0-0 12. Nb5 Be7 13. a3 a6 14. Nd4 Qb6 15. Ra2 Ne8 16. f5 Bf6 17. fxe6 fxe6 18. Bd3 Nxd4 19. Bxd4 Bxd4 20. Bxh7+ Kxh7 21. Rxf8 Bxe3+ 22. Kh1 Qc5 23. Rf1 Bh6 24. Nc3 Nf6 25. Qb1+ Kg8 26. h3 d4 27. Ne4 Nxe4 28. Qxe4 Qd5 29. Qxd5 exd5 30. Rf3 Bb5 31. a4 Rc1+ 32. Kh2 Be2 33. Rf5 d3 34. Rxd5 Rc2 35. Ra1 Bxd2 36. Kg3 Bc3 37. Rb1 d2 38. b4 Rc1 39. Rb3 d1Q 40. Rxd1 Bxd1 0-1

[Event "BL2-West 0203"]
[Site "Germany"]
[Date "2003.01.13"]
[Round "4.8"]
[White "Besel, Waldemar"]
[Black "Busch, Raimund"]
[Result "1/2-1/2"]
[WhiteElo "2167"]
[BlackElo "2344"]
[PlyCount "132"]
[EventDate "2002.10.20"]
[EventType "team-tourn"]
[EventRounds "9"]
[EventCountry "GER"]
[SourceTitle "EXT 2004"]
[Source "ChessBase"]
[SourceDate "2003.11.25"]
[SourceVersion "1"]
[SourceVersionDate "2003.11.25"]
[SourceQuality "1"]
[WhiteTeam "Betzdorf Kirchen"]
[BlackTeam "Remagen"]
[WhiteTeamCountry "GER"]
[BlackTeamCountry "GER"]

1. e4 e6 2. d4 d5 3. exd5 exd5 4. Nf3 Bd6 5. h3 Ne7 6. Bd3 Nbc6 7. c3 Ng6 8. 0-0 Nf4 9. Re1+ Kf8 10. Bxf4 Bxf4 11. Qb3 Bd6 12. Nbd2 g6 13. Ne5 Nxe5 14. dxe5 Be7 15. c4 Be6 16. Rad1 Kg7 17. cxd5 Bxd5 18. Bc4 Bxc4 19. Nxc4 Qc8 20. Ne3 Re8 21. Nd5 Bd8 22. Rd3 Re6 23. Rf3 a5 24. Nf4 Re7 25. Qc3 Ra6 26. e6+ Kh6 27. Re5 f5 28. g4 Rg7 29. Qe3 Bg5 30. h4 Bxh4 31. Nh3+ g5 32. Rfxf5 Qd8 33. Kg2 Qd1 34. Rf6+ Rg6 35. Rxg6+ hxg6 36. Qf4 Qd6 37. Qf6 Kh7 38. Nxg5+ Bxg5 39. Qxg5 Ra8 40. Re3 Kg7 41. e7 Re8 42. f4 Qd2+ 43. Kf3 Qd1+ 44. Re2 Kf7 45. Kf2 Qd6 46. Qh6 Rxe7 47. Qh7+ Kf8 48. Qxe7+ Qxe7 49. Rxe7 Kxe7 50. Ke3 Kd6 51. Ke4 Ke6 52. Kd4 Kd6 53. Kc4 c6 54. a4 b6 55. b3 Ke7 56. Kd4 Kf6 57. Ke4 Ke6 58. Kd4 Kf6 59. Ke4 Ke6 60. f5+ gxf5+ 61. gxf5+ Kf6 62. Kf4 b5 63. Ke4 bxa4 64. bxa4 c5 65. Kd5 Kxf5 66. Kxc5 Ke5 1/2-1/2

[Event "BL2-West 0203"]
[Site "Germany"]
[Date "2002.12.15"]
[Round "3.8"]
[White "Busch, Raimund"]
[Black "Boehnke, Martin"]
[Result "1/2-1/2"]
[WhiteElo "2344"]
[BlackElo "2197"]
[PlyCount "56"]
[EventDate "2002.10.20"]
[EventType "team-tourn"]
[EventRounds "9"]
[EventCountry "GER"]
[SourceTitle "EXT 2004"]
[Source "ChessBase"]
[SourceDate "2003.11.25"]
[SourceVersion "1"]
[SourceVersionDate "2003.11.25"]
[SourceQuality "1"]
[WhiteTeam "Remagen"]
[BlackTeam "Castrop Rauxel"]
[WhiteTeamCountry "GER"]
[BlackTeamCountry "GER"]

1. Nf3 d5 2. d4 Nf6 3. Bf4 Bf5 4. e3 e6 5. Be2 Bd6 6. Ne5 Bxe5 7. Bxe5 Nbd7 8. Bf4 h6 9. Nd2 c5 10. dxc5 Nxc5 11. b4 Ncd7 12. c4 e5 13. Bg3 0-0 14. cxd5 Nxd5 15. Qb3 Be6 16. Qb2 Qe7 17. a3 f6 18. 0-0 Rac8 19. Rfc1 N7b6 20. Rxc8 Rxc8 21. Rc1 Qd7 22. Ne4 Na4 23. Rxc8+ Qxc8 24. Qd2 Ndc3 25. Nxc3 Nxc3 26. Bf3 b6 27. h3 Kf7 28. Qd3 Bf5 1/2-1/2

[Event "Oberliga Sued W 0102"]
[Site "Germany"]
[Date "2002.02.24"]
[Round "?"]
[White "Busch, Raimund"]
[Black "Drexel, Christian"]
[Result "0-1"]
[WhiteElo "2340"]
[BlackElo "2227"]
[PlyCount "66"]
[EventDate "2001.10.09"]
[EventType "team"]
[EventRounds "9"]
[EventCountry "GER"]
[SourceTitle "EXT 2003"]
[Source "ChessBase"]
[SourceDate "2002.11.25"]
[SourceVersion "1"]
[SourceVersionDate "2002.11.25"]
[SourceQuality "1"]

1. Nf3 d5 2. c4 c6 3. b3 Bg4 4. Bb2 e6 5. Ne5 Bf5 6. cxd5 exd5 7. e3 Nf6 8. Be2 Nbd7 9. Nxd7 Qxd7 10. 0-0 Bd6 11. Kh1 Qe7 12. a3 Ne4 13. Kg1 Qh4 14. f4 Rg8 15. d3 Nf6 16. Nd2 Ng4 17. Bxg4 Bxg4 18. Qe1 Qxe1 19. Raxe1 0-0-0 20. Nf3 f6 21. Nd4 Rge8 22. h3 Bd7 23. b4 Re7 24. Nb3 Bf5 25. Nc1 Rde8 26. g4 Bd7 27. Kf2 c5 28. Bc3 Bb5 29. Rg1 d4 30. exd4 Bxf4 31. Rxe7 Rxe7 32. Kf3 Be3 33. Rd1 cxd4 0-1

[Event "Oberliga Sued W 9798"]
[Site "Germany"]
[Date "1998.??.??"]
[Round "?"]
[White "Busch, Raimund"]
[Black "Krieger, Hermann"]
[Result "1-0"]
[WhiteElo "2305"]
[BlackElo "2180"]
[PlyCount "71"]
[EventDate "1997.10.??"]
[EventType "team"]
[EventRounds "9"]
[EventCountry "GER"]
[SourceTitle "EXT 2000"]
[Source "ChessBase"]
[SourceDate "1999.11.16"]
[SourceVersion "1"]
[SourceVersionDate "1999.11.16"]
[SourceQuality "1"]

1. Nf3 f5 2. g3 Nf6 3. Bg2 g6 4. 0-0 Bg7 5. d4 0-0 6. Nc3 d6 7. d5 h6 8. Nd4 Na6 9. a4 Bd7 10. e4 fxe4 11. Nxe4 Nxd5 12. Nxd6 c6 13. Nc4 Kh7 14. Re1 Nc5 15. Ne5 Qc7 16. Nxd7 Qxd7 17. Nf3 Rad8 18. Qe2 Qf5 19. Nh4 Qf6 20. Ra3 e5 21. Rf3 Qd6 22. Rxf8 Qxf8 23. b4 Nxb4 24. Qg4 Nxc2 25. Qxg6+ Kg8 26. Qxc2 Qd6 27. Be3 Nd3 28. Rd1 Bf6 29. Nf5 Qa3 30. Be4 Nb2 31. Rxd8+ Bxd8 32. Nxh6+ Kg7 33. Nf5+ Kf6 34. Qd2 Bc7 35. Bg5+ Kg6 36. Nh6+ 1-0

[Event "Oberliga Sued W 9798"]
[Site "Germany"]
[Date "1998.??.??"]
[Round "?"]
[White "Busch, Raimund"]
[Black "Muench, Ingo"]
[Result "1/2-1/2"]
[WhiteElo "2305"]
[BlackElo "2190"]
[PlyCount "62"]
[EventDate "1997.10.??"]
[EventType "team"]
[EventRounds "9"]
[EventCountry "GER"]
[SourceTitle "EXT 2000"]
[Source "ChessBase"]
[SourceDate "1999.11.16"]
[SourceVersion "1"]
[SourceVersionDate "1999.11.16"]
[SourceQuality "1"]

1. Nf3 Nf6 2. c4 e6 3. g3 d5 4. Bg2 Be7 5. d4 0-0 6. Qc2 a6 7. Nbd2 Bd7 8. 0-0 dxc4 9. Ne5 Bc6 10. Nxc6 Nxc6 11. Bxc6 bxc6 12. Qxc4 Qd5 13. Qxd5 cxd5 14. Nb3 a5 15. Be3 a4 16. Nc1 Ng4 17. Nd3 Nxe3 18. fxe3 Rfb8 19. Rac1 Ra7 20. Rc6 Bd6 21. Kg2 Kf8 22. g4 Ke7 23. h4 f6 24. Kf3 e5 25. e4 dxe4+ 26. Kxe4 exd4 27. Kxd4 Rb5 28. Rf5 Rxf5 29. gxf5 Ra5 30. e4 g6 31. fxg6 hxg6 1/2-1/2

[Event "Oberliga Sued W 9798"]
[Site "Germany"]
[Date "1998.??.??"]
[Round "?"]
[White "Pax, Horst"]
[Black "Busch, Raimund"]
[Result "0-1"]
[WhiteElo "2170"]
[BlackElo "2305"]
[PlyCount "40"]
[EventDate "1997.10.??"]
[EventType "team"]
[EventRounds "9"]
[EventCountry "GER"]
[SourceTitle "EXT 2000"]
[Source "ChessBase"]
[SourceDate "1999.11.16"]
[SourceVersion "1"]
[SourceVersionDate "1999.11.16"]
[SourceQuality "1"]

1. e4 e6 2. d4 d5 3. Nc3 Bb4 4. e5 c5 5. a3 Bxc3+ 6. bxc3 Qc7 7. Qg4 f6 8. Bb5+ Kf7 9. Bd2 c4 10. Nf3 a6 11. Ng5+ fxg5 12. Qf3+ Nf6 13. exf6 g6 14. Bxg5 axb5 15. h4 h5 16. Bf4 Qd8 17. Be5 Nd7 18. g4 hxg4 19. Qxg4 Rh5 20. f4 Nxf6 0-1

[Event "Oberliga Sued W 9697"]
[Site "Germany"]
[Date "1997.??.??"]
[Round "?"]
[White "Bode, Ulf"]
[Black "Busch, Raimund"]
[Result "0-1"]
[WhiteElo "2230"]
[BlackElo "2305"]
[PlyCount "69"]
[EventDate "1996.10.??"]
[EventType "team"]
[EventRounds "9"]
[EventCountry "GER"]
[SourceTitle "EXT 2000"]
[Source "ChessBase"]
[SourceDate "1999.11.16"]
[SourceVersion "1"]
[SourceVersionDate "1999.11.16"]
[SourceQuality "1"]

1. f4 Nf6 2. Nf3 g6 3. d3 Bg7 4. e4 0-0 5. Be2 d6 6. 0-0 e5 7. fxe5 dxe5 8. Qe1 Qd6 9. Qh4 Nh5 10. Nc3 Nf4 11. Bxf4 exf4 12. Nd5 h6 13. Ne7+ Kh8 14. e5 Qd8 15. Nxc8 g5 16. Qh5 Nc6 17. Nxa7 Nd4 18. Rf2 Rxa7 19. c3 Nxe2+ 20. Rxe2 Qxd3 21. Nxg5 Qf5 22. h4 Kg8 23. g4 Qd3 24. Rf2 hxg5 25. Qxg5 Ra5 26. Re1 Qg3+ 27. Kf1 f3 28. Re3 f6 29. Qg6 Qh3+ 30. Ke1 Rxe5 31. Rxe5 fxe5 32. h5 Qh1+ 33. Rf1 f2+ 34. Ke2 Qf3+ 35. Kd2 0-1

[Event "Oberliga Sued W 9697"]
[Site "Germany"]
[Date "1997.??.??"]
[Round "?"]
[White "Busch, Raimund"]
[Black "Schiff, Armin"]
[Result "1/2-1/2"]
[WhiteElo "2305"]
[BlackElo "2215"]
[PlyCount "75"]
[EventDate "1996.10.??"]
[EventType "team"]
[EventRounds "9"]
[EventCountry "GER"]
[SourceTitle "EXT 2000"]
[Source "ChessBase"]
[SourceDate "1999.11.16"]
[SourceVersion "1"]
[SourceVersionDate "1999.11.16"]
[SourceQuality "1"]

1. Nf3 d5 2. c4 c6 3. e3 Nf6 4. Nc3 dxc4 5. Bxc4 b5 6. Be2 Bb7 7. 0-0 e6 8. b3 Nbd7 9. Bb2 a6 10. Rc1 Be7 11. Qc2 Rc8 12. Ng5 c5 13. f4 h6 14. Bf3 Bxf3 15. Nxf3 0-0 16. Ne2 Nd5 17. f5 Nb4 18. Qb1 Bf6 19. fxe6 fxe6 20. Bxf6 Rxf6 21. a3 Nd5 22. Qe4 Qe8 23. Nc3 Qh5 24. Ne2 Qf5 25. Ng3 Qxe4 26. Nxe4 Rff8 27. Rc2 N5f6 28. Nxf6+ Rxf6 29. d4 e5 30. dxc5 Rxc5 31. Rfc1 Rfc6 32. Rxc5 Rxc5 33. Rxc5 Nxc5 34. b4 Nd7 35. Kf2 Kf7 36. e4 Ke6 37. Ke3 Nb6 38. Nd2 1/2-1/2

[Event "Oberliga Sued W 9697"]
[Site "Germany"]
[Date "1996.??.??"]
[Round "?"]
[White "Fassnacht, Peter"]
[Black "Busch, Raimund"]
[Result "0-1"]
[WhiteElo "2305"]
[BlackElo "2305"]
[PlyCount "118"]
[EventDate "1996.10.??"]
[EventType "team"]
[EventRounds "9"]
[EventCountry "GER"]
[SourceTitle "EXT 2000"]
[Source "ChessBase"]
[SourceDate "1999.11.16"]
[SourceVersion "1"]
[SourceVersionDate "1999.11.16"]
[SourceQuality "1"]

1. d4 Nf6 2. c4 e6 3. Nf3 d5 4. Bg5 h6 5. Bh4 Bb4+ 6. Nc3 c6 7. Bxf6 Qxf6 8. e3 Nd7 9. Rc1 0-0 10. Qb3 Ba5 11. Bd3 dxc4 12. Qxc4 e5 13. 0-0 exd4 14. Ne4 Qe7 15. exd4 Re8 16. Bb1 Nf8 17. Nc5 Be6 18. Qa4 Bb6 19. Rfe1 Qf6 20. Nxb7 Bd5 21. Nc5 Bxf3 22. gxf3 Qxf3 23. Be4 Qg4+ 24. Kh1 Bc7 25. f3 Qh4 26. Re2 f5 27. Qc4+ Kh8 28. Bxc6 Rxe2 29. Qxe2 Rd8 30. d5 Ng6 31. Nd3 Nf4 32. Rc4 Qg5 33. Nxf4 Bxf4 34. Rc2 Kh7 35. Qe6 Rd6 36. Qe1 Qh5 37. Qf1 Be3 38. Rg2 Qh4 39. Qe2 Qf4 40. Qd3 Bd4 41. Rd2 Bxb2 42. Be8 Be5 43. Bf7 Rb6 44. Rg2 g6 45. Qd1 Kg7 46. Be6 Rb4 47. Qd3 Rc4 48. Qe2 Rc3 49. Rg3 Rc1+ 50. Rg1 Rc3 51. Rf1 Kf6 52. Bg8 Rd3 53. Rf2 Re3 54. Qd2 Bc3 55. Qc2 Re1+ 56. Kg2 Be5 57. Qc6+ Kg5 58. Kh3 Qh4+ 59. Kg2 Qxh2# 0-1

[Event "Oberliga Sued W 9596"]
[Site "Germany"]
[Date "1995.??.??"]
[Round "?"]
[White "Krieger, Hermann"]
[Black "Busch, Raimund"]
[Result "0-1"]
[WhiteElo "2215"]
[BlackElo "2300"]
[PlyCount "94"]
[EventDate "1995.10.??"]
[EventType "team"]
[EventRounds "9"]
[EventCountry "GER"]
[SourceTitle "EXT 2000"]
[Source "ChessBase"]
[SourceDate "1999.11.16"]
[SourceVersion "1"]
[SourceVersionDate "1999.11.16"]
[SourceQuality "1"]

1. e4 e6 2. d4 d5 3. Nd2 c5 4. Ngf3 cxd4 5. exd5 Qxd5 6. Bc4 Qd6 7. 0-0 Nf6 8. Re1 Nc6 9. Nb3 Bd7 10. Nbxd4 Nxd4 11. Nxd4 0-0-0 12. Be3 Qc7 13. Qe2 Ng4 14. Qxg4 Qxc4 15. Qg3 f6 16. Nb3 Qc7 17. Qxc7+ Kxc7 18. a4 Kb8 19. Nc5 Bc8 20. a5 Bd6 21. Ra3 e5 22. Rb3 Ka8 23. Rc3 Bf5 24. f3 h5 25. Kf2 Rc8 26. Rd1 Rhd8 27. Ke2 e4 28. Nxe4 Bxh2 29. Rxd8 Rxd8 30. g3 Bxe4 31. fxe4 Bxg3 32. Bb6 axb6 33. Rxg3 g5 34. axb6 Rd6 35. Rb3 Kb8 36. Kf3 Rc6 37. c3 Kc8 38. Rb5 Kd7 39. Ke3 Ke6 40. Kf3 Rd6 41. c4 Rd3+ 42. Kf2 h4 43. b4 h3 44. Ra5 g4 45. Ra1 g3+ 46. Ke2 Rb3 47. c5 h2 0-1

[Event "Oberliga Sued W 9394"]
[Site "Germany"]
[Date "1994.??.??"]
[Round "?"]
[White "Busch, Raimund"]
[Black "Sandmeier, Toni"]
[Result "1/2-1/2"]
[WhiteElo "2300"]
[BlackElo "2240"]
[PlyCount "100"]
[EventDate "1993.10.??"]
[EventType "team"]
[EventRounds "11"]
[EventCountry "GER"]
[SourceTitle "EXT 2000"]
[Source "ChessBase"]
[SourceDate "1999.11.16"]
[SourceVersion "1"]
[SourceVersionDate "1999.11.16"]
[SourceQuality "1"]

1. Nf3 f5 2. g3 Nf6 3. Bg2 e6 4. c4 Be7 5. 0-0 0-0 6. d4 d6 7. Nc3 Nc6 8. d5 Nb8 9. dxe6 Bxe6 10. Ng5 Bc8 11. c5 Kh8 12. cxd6 Bxd6 13. Nb5 Nc6 14. Nxd6 cxd6 15. Bf4 d5 16. Qb3 Qe7 17. Rad1 h6 18. Nf3 Be6 19. Ne5 Kh7 20. Rd3 Ne4 21. Nxc6 bxc6 22. Rc1 Rac8 23. Qa3 Qf7 24. f3 Nf6 25. Rdc3 Qb7 26. Rb3 Qd7 27. Qa6 Rf7 28. Rbc3 Qe8 29. Rxc6 Rxc6 30. Rxc6 Bd7 31. Rc5 Re7 32. Bf1 Re6 33. Qd3 Rb6 34. Qd4 Bb5 35. Kf2 Re6 36. Rc2 Nh5 37. Bc1 Qe7 38. Qc5 Qe8 39. Qc8 Qe7 40. Qc5 Qe8 41. Qxa7 Qd8 42. Qd4 Be8 43. Bd2 Bg6 44. Rc5 Rd6 45. Ba5 Qa8 46. Qe5 Rd7 47. Bh3 Qa7 48. b4 Re7 49. Qxd5 Rf7 50. f4 Nf6 1/2-1/2